Species evolution: the role of chromosome change (Record no. 76700)
[ view plain ]
| 000 -LEADER | |
|---|---|
| fixed length control field | 00804nam a2200193 a 4500 |
| 008 - FIXED-LENGTH DATA ELEMENTS--GENERAL INFORMATION | |
| fixed length control field | 120416s1993 ||||||||||||||||| || u |
| 020 ## - INTERNATIONAL STANDARD BOOK NUMBER | |
| International Standard Book Number | 0521484545 |
| 050 ## - LIBRARY OF CONGRESS CALL NUMBER | |
| Classification number | QH 380 Kin |
| 100 ## - MAIN ENTRY--PERSONAL NAME | |
| Personal name | King, Max |
| 245 10 - TITLE STATEMENT | |
| Title | Species evolution: the role of chromosome change |
| Statement of responsibility, etc. | by Max King |
| 260 ## - PUBLICATION, DISTRIBUTION, ETC. | |
| Place of publication, distribution, etc. | Cambridge: |
| Name of publisher, distributor, etc. | Cambridge University Press |
| Date of publication, distribution, etc. | 1993 |
| 300 ## - PHYSICAL DESCRIPTION | |
| Extent | xxi, 336p.: ill. |
| 350 ## - | |
| -- | 0.00 |
| 650 ## - SUBJECT ADDED ENTRY--TOPICAL TERM | |
| Topical term or geographic name entry element | VARIATION (BIOLOGY) |
| 650 ## - SUBJECT ADDED ENTRY--TOPICAL TERM | |
| Topical term or geographic name entry element | SPECIES |
| 650 ## - SUBJECT ADDED ENTRY--TOPICAL TERM | |
| Topical term or geographic name entry element | MUTATION (BIOLOGY) |
| 995 ## - | |
| -- | MAIN LIBRARY OPEN ACCESS |
| -- | 0.00 |
| -- | 728126 |
| -- | CBU-MAIN LIBRARY (Kitwe) |
| -- | 1 |
| -- | 35.00 |
| -- | QH 380 Kin |
| -- | 1 |
| -- | AVAILABLE |
| -- | 026410 |
| -- | Main Library Open Access Collection |
| 995 ## - | |
| -- | MAIN LIBRARY OPEN ACCESS |
| -- | 743571 |
| -- | CBU-MAIN LIBRARY (Kitwe) |
| -- | 0.00 |
| -- | QH 380 Kin |
| -- | 2 |
| -- | AVAILABLE |
| -- | Apr 29, 2013 |
| -- | 743571 |
| -- | Main Library Open Access Collection |
| 999 ## - | |
| -- | 76700 |
| -- | 76700 |
| Withdrawn status | Lost status | Source of classification or shelving scheme | Damaged status | Not for loan | Permanent Location | Current Location | Shelving location | Date acquired | Total Checkouts | Full call number | Barcode | Date last seen | Copy number | Price effective from | Koha item type |
|---|---|---|---|---|---|---|---|---|---|---|---|---|---|---|---|
| CBU-MAIN LIBRARY, KITWE. | CBU-MAIN LIBRARY, KITWE. | 04/25/2023 | QH 380 Kin | 026410 | 04/25/2023 | 1 | 04/25/2023 | MONOGRAPH | |||||||
| CBU-MAIN LIBRARY, KITWE. | CBU-MAIN LIBRARY, KITWE. | 04/25/2023 | QH 380 Kin | 743571 | 04/25/2023 | 2 | 04/25/2023 | MONOGRAPH |